000 00311nam a22001337a 4500
008 250830b |||||||| |||| 00| 0 eng d
020 _a978-93-903-9458-6
100 _aJ R Evans
245 _aBusiness Analytics 3rd Ed.
250 _a3rd
260 _aU P
_bPearson
_c2024
300 _a704
942 _2ddc
_cBK
999 _c21422
_d21422